|
|
|
|
| LEADER |
00000naa2a2200000 4500 |
| 001 |
540214 |
| 005 |
20240206105757.0 |
| 035 |
|
|
|a (RuTPU)RU\TPU\prd\230121
|
| 035 |
|
|
|a RU\TPU\prd\230120
|
| 090 |
|
|
|a 540214
|
| 100 |
|
|
|a 20150122a1997 k y0rusy50 ca
|
| 101 |
0 |
|
|a rus
|
| 102 |
|
|
|a RU
|
| 200 |
1 |
|
|a Адсорбция-десорбция углеводородов на комплексных алкоксидах металлов I, III групп
|f З. Т. Дмитриева [и др.]
|
| 320 |
|
|
|a Библиогр.: с. 67 (11 назв.)
|
| 461 |
|
1 |
|0 (RuTPU)RU\TPU\prd\1600
|t Нефтехимия
|o научный журнал
|f Российская академия наук (РАН)
|d 1963-
|
| 463 |
|
1 |
|0 (RuTPU)RU\TPU\prd\149581
|t № 1
|v С. 62-67
|d 1997
|
| 610 |
1 |
|
|a адсорбция
|
| 610 |
1 |
|
|a десорбция
|
| 610 |
1 |
|
|a углеводороды
|
| 610 |
1 |
|
|a алкоксиды
|
| 610 |
1 |
|
|a металлы
|
| 610 |
1 |
|
|a комплексы металлов
|
| 701 |
|
1 |
|a Дмитриева
|b З. Т.
|
| 701 |
|
1 |
|a Тихонова
|b Л. Д.
|
| 701 |
|
1 |
|a Межибор
|b Н. Г.
|
| 701 |
|
1 |
|a Ерофеев
|b В. И.
|c специалист в области нефтегазового дела
|c профессор Томского политехнического университета, доктор технических наук
|f 1946-
|g Владимир Иванович
|3 (RuTPU)RU\TPU\pers\26104
|9 11934
|
| 801 |
|
1 |
|a RU
|b 63413507
|c 20040413
|g PSBO
|
| 801 |
|
2 |
|a RU
|b 63413507
|c 20150122
|g RCR
|
| 942 |
|
|
|c BK
|